LEADER 02001nam0 22004333i 450 001 RAV0108192 005 20251003044324.0 100 $a20130827d1989 ||||0itac50 ba 101 | $aita 102 $ait 181 1$6z01$ai $bxxxe 182 1$6z01$an 200 1 $a1990 del turista$eservizi e informazioni, per i soci, in Italia e all'estero$fTouring club italiano 210 $aMilano$cTouring club italiano$dc1989 215 $a208 p.$cill.$d23 cm. 606 $aItalia$xGuide$2FIR$3CFIC011774$9E 676 $a914$9$v21 676 $a914$9GEOGRAFIA E VIAGGI. Europa.$v23 686 $aU$cOpere varie$2ACQ 696 $aGuide turistiche$aGuide di viaggio 699 $aGuide$zGuide turistiche 699 $aGuide$yGuide di viaggio 710 02$aTouring club italiano$3CFIV002046$4070$05623 791 02$aTCI$3CFIV148662$zTouring club italiano 791 02$aTouring club of Italy$3CFIV178973$zTouring club italiano 791 02$aItalienischer Touring Club$3CFIV277665$zTouring club italiano 791 02$aTouring club editore$3CFIV323587$zTouring club italiano 791 02$aTouring club ciclistico italiano$3NAPV111118$zTouring club italiano 791 02$aConsociazione turistica italiana$3RAVV054909$yTouring club italiano 801 3$aIT$bIT-000000$c20130827 850 $aIT-BN0095 $aIT-BN0013 $aIT-NA0079 901 $bNAP BN$cMAGAZZINO $nmagazzini correnti divisi per anni 901 $bNAP 46$c710 $n$ 901 $bNAP 01$cPOZZO LIB.$nVi sono collocati fondi di economia, periodici di ingegneria e scienze, periodici di economia e statistica e altri fondi comprendenti documenti di economia pervenuti in dono. 912 $aRAV0108192 950 0$aBiblioteca Centralizzata di Ateneo$c1 v.$d 01POZZO LIB.F. FRAGOLA 257$e 0101 0060067365E VMA 1 v. ( Precedente collocazione F 439)$fB $h20221028$i20221028 977 $a 01$a 46$a BN 996 $a1990 del turista$9831768 997 $aUNISANNIO